| 000 | 01655nam a2200373 a 4500 | ||
|---|---|---|---|
| 001 | ebr10670943 | ||
| 003 | CaPaEBR | ||
| 006 | m u | ||
| 007 | cr cn||||||||| | ||
| 008 | 090821s2009 nyu sb 001 0 eng d | ||
| 010 | _z 2009502057 | ||
| 020 | _z1607411237 | ||
| 020 | _z9781607411239 | ||
| 020 | _z9781613240540 (e-book) | ||
| 040 |
_aCaPaEBR _cCaPaEBR |
||
| 035 | _a(OCoLC)709892500 | ||
| 043 | _an-us--- | ||
| 050 | 1 | 4 |
_aKF4988.5 _b.S46 2009eb |
| 245 | 0 | 4 |
_aThe Senate's role in confirmation of political appointees _h[electronic resource] / _cMichael K. Connor and Matthew D. Rangel, editors. |
| 260 |
_aNew York : _bNova Science Publishers, _cc2009. |
||
| 300 | _aix, 187 p. | ||
| 490 | 1 | _aCongressional policies, practices and procedures series | |
| 500 | _a"Edited, excerpted and augmented" from reports prepared by the Congressional Research Service or the Government Accountability Office. | ||
| 504 | _aIncludes bibliographical references and index. | ||
| 533 |
_aElectronic reproduction. _bPalo Alto, Calif. : _cebrary, _d2013. _nAvailable via World Wide Web. _nAccess may be limited to ebrary affiliated libraries. |
||
| 610 | 1 | 0 |
_aUnited States. _bCongress. _bSenate _xPowers and duties. |
| 651 | 0 |
_aUnited States _xOfficials and employees _xSelection and appointment. |
|
| 655 | 7 |
_aElectronic books. _2local |
|
| 700 | 1 | _aConnor, Michael K. | |
| 700 | 1 | _aRangel, Matthew D. | |
| 710 | 2 | _aebrary, Inc. | |
| 830 | 0 | _aCongressional policies, practices and procedures series. | |
| 856 | 4 | 0 |
_uhttp://site.ebrary.com/lib/rucke/Doc?id=10670943 _zAn electronic book accessible through the World Wide Web; click to view |
| 999 |
_c61914 _d61914 |
||